| 000 | 00885nam a2200253Ia 4500 | ||
|---|---|---|---|
| 003 | OSt | ||
| 005 | 20220918112023.0 | ||
| 006 | a|||||r|||| 00| 0 | ||
| 007 | ta | ||
| 008 | 220915b |||||||| |||| 00| 0 hin d | ||
| 024 | _a241966 | ||
| 037 | _cTextbook | ||
| 040 |
_bhin _aARTS _cARTS |
||
| 041 | _ahin | ||
| 082 | _aO15,1A1:g, 152N8 | ||
| 100 |
_aरथ, शीतांशु _99692 |
||
| 245 | 0 | _aराम कथा त्रयी: वाल्मीकि, भास तथा कालिदास | |
| 246 | _aHindī premākhyānak kāvya 1500 - 1750 | ||
| 260 |
_aदिल्ली _bप्रतिभा प्रकाशन भारत _c1998 |
||
| 300 |
_a270पण् _ccm. |
||
| 650 | _aहिन्दी साहित्य | ||
| 942 |
_hO15,1A1:g, 152N8 _cTB _2CC |
||
| 999 |
_c117909 _d117909 |
||